| 000 | 005000000a22001930004500 | ||
|---|---|---|---|
| 001 | 003307 | ||
| 003 | MACL | ||
| 005 | 20151025132817.0 | ||
| 008 | 151025b xxu||||| |||| 00| 0 eng d | ||
| 040 |
_aMACL _cMACL |
||
| 041 | _aEnglish | ||
| 082 | _a928/BHA | ||
| 100 |
_aBhattacharjee, Dhirendra Nath _916720 |
||
| 245 |
_aVarious Aspects Of Rabindranath _cDhirendra Nath Bhattacharjee |
||
| 260 |
_aKolkata _c2003 _bSagnik, |
||
| 350 | _a150 | ||
| 650 |
_aBiography _916721 |
||
| 942 |
_k928 _cBK _2ddc |
||
| 999 |
_c15212 _d15212 |
||